| 000 | 00890nmm a2200277 a 4500 | ||
|---|---|---|---|
| 001 | ocm000551644 | ||
| 003 | TR-IsHL | ||
| 005 | 20201028121339.0 | ||
| 008 | 130705s2005 tu tur | ||
| 007 | cr cn | ||
| 020 | _a9789758729753 | ||
| 035 |
_a551644 _b(N$T) |
||
| 050 | 0 | 4 |
_aWB545 _b.U48 2005 |
| 090 | 0 | 4 |
_aWB545 _b.U48 2005 |
| 100 | 1 | _aUlusan, Asuman | |
| 245 | 1 | 0 |
_aÖzgürlükle gelen sağlık: relaksoloji ve stres _h[electronic resource] / _cAsuman Ulusan |
| 250 | _a1. bs. | ||
| 260 |
_aİstanbul : _bDharma Yayıncılık, _c2005 |
||
| 300 | _a182 p. | ||
| 650 | 4 | _aGenel Çalışmalar | |
| 650 | 4 | _aGeneral Works | |
| 650 | 0 |
_aStres, Psikolojik _x Tedavi |
|
| 650 | 0 |
_aStress, Psychological _x Therapy |
|
| 650 | 7 |
_aSELF-HELP / Stress Management _2bisacsh |
|
| 856 | 4 | 0 | _uhttp://search.ebscohost.com/login.aspx?direct=true&scope=site&db=e011xww&AN=551644 |
| 999 |
_c1273 _d1273 |
||